000 00853nam a2200253Ia 4500
003 OSt
005 20220923220053.0
006 a|||||r|||| 00| 0
007 ta
008 220922b |||||||| |||| 00| 0 hin d
024 _a184,009
037 _cTextual
040 _aARTS
_cARTS
_bhin
041 _2hin
_ahin
082 _aO152,1NDIx, M4
100 _aदीक्षित, प्रकाश
245 0 _aआक्षितिज, सूर्यमुखी का देश
246 _aĀkṣhitija, sūryamukhī kā desha
260 _aदिल्ली
_b कोणार्क प्रकाशन
_c1984
300 _a88 पृ.
_ccm.
650 _aहिन्दी साहित्य
_9156264
942 _hO152,1NDIx, M4
_cTEXL
_2CC
999 _c337308
_d337308